000 01012nam a2200241 i 4500
001 161226
003 ES-MaACL
005 20250808090132.0
008 991222m1845 sp |||| | spa d
040 _cES-MaACL
100 1 _aPacheco, Joaquín Francisco,
_d1808-1865
_988121
_eaut
245 1 0 _aLecciones de derecho político constitucional, pronunciadas en el Ateneo de Madrid en 1844 y 1845.
_nTomo primero /
_cpor D. Joaquín Francisco Pacheco.
260 _aMadrid :
_bImp. y Librería de D. Ignacio Boix, editor,
_c1845.
300 _a1 volumen (248 páginas) ;
_c20 cm.
530 _aDisponible en formato digital
610 2 4 _aAteneo de Madrid-
_vConferencias-
_yS.XIX.
_91910
650 0 7 _aDerecho constitucional
_2embne
_911680
852 _aES-MaACL
_cSPAL
_jC-3819
856 _uhttps://patrimoniodigital.ucm.es/s/patrimonio/item/644875
_yVersión en línea
_z(Patrimonio Digital Complutense)
942 _cMONANT
_n0
999 _c161226
_d161226